| 000 | 00439cam a2200157ua 4500 | ||
|---|---|---|---|
| 020 | _a0 249 44171 3 | ||
| 041 |
_aeng _h |
||
| 082 |
_a541.388 _bCHA/RA |
||
| 100 | _aChartten, J S . | ||
| 245 |
_aRadio-isotope technics for problem solving in industrial process plants / _cJ S Chartten. _hTextual Documents |
||
| 260 |
_aGlasgow : _bLeonard hill , _c1986. |
||
| 300 | _a320 ; . | ||
| 504 | _a | ||
| 942 | _cBK | ||
| 999 |
_c10318 _d10318 |
||